00401nam a2200097Ia 4500008004100000100002400041245011600065260004000181650002100221856006100242160909s9999 xx 000 0 und d aAllgood, Charles E. aFiscal management practices and quality programming in early childhood: The impact of administrator preparation bMississippi State University.c2016 aENTREPRENEURSHIP uhttp://pqdtopen.proquest.com/doc/1784276333.html?FMT=ABS